000 00598nam a2200181Ia 4500
008 100920s9999 xx 000 0 und d
082 _b14336
_a491.462 थ 63
100 _aप्रभू बबन.
245 _aपिलूचें लग्न.
260 _bभारतीय प्रकाशन मंदिर गिरगांव, मुंबई.
_c1963
300 _a95
_bसाधी
365 _b2
520 _aनाटक.
630 _aपिलूचें लग्न.
650 _aनाटक.
730 _aपिलूचें लग्न.
942 _cBOOK
999 _c678431
_d678428